Top 15 non-English Languages by State (Hawaii) - Statistics

General Stats
  • This quiz has been taken 25 times
  • The average score is 8 of 15
Answer Stats
Answer % Correct
Spanish
100%
Japanese
92%
Korean
92%
Chinese
88%
Hawaiian
83%
Tagalog
83%
Vietnamese
79%
Samoan
63%
Laotian
33%
Tongan
33%
Ilocano
17%
Marshallese
17%
Micronesian
17%
Bisayan
4%
Trukese
0%
No matching quizzes found
Score Distribution
Percent of People with Each Score
Percentile by Number Answered
Your Score History
You have not taken this quiz